傷だらけの日本 : 「この住みにくい国」をどうしたらよいか
সংরক্ষণ করুন:
| সংস্থা লেখক: | |
|---|---|
| বিন্যাস: | গ্রন্থ |
| ভাষা: | Undetermined |
| প্রকাশিত: |
東京
サイマル出版会
1972
|
| বিষয়গুলি: | |
| ট্যাগগুলো: |
ট্যাগ যুক্ত করুন
কোনো ট্যাগ নেই, প্রথমজন হিসাবে ট্যাগ করুন!
|
| Thư viện lưu trữ: | Trung tâm Học liệu Trường Đại học Cần Thơ |
|---|
| LEADER | 00584nam a2200193Ia 4500 | ||
|---|---|---|---|
| 001 | CTU_85360 | ||
| 008 | 210402s9999 xx 000 0 und d | ||
| 082 | |a 306.3 | ||
| 082 | |b A798 | ||
| 110 | |a 朝日新聞社経済部 | ||
| 245 | 0 | |a 傷だらけの日本 : | |
| 245 | 0 | |b 「この住みにくい国」をどうしたらよいか | |
| 245 | 0 | |c 朝日新聞社経済部 | |
| 260 | |a 東京 | ||
| 260 | |b サイマル出版会 | ||
| 260 | |c 1972 | ||
| 650 | |a Economic Sociology,Japanese society | ||
| 904 | |i Ngoc | ||
| 980 | |a Trung tâm Học liệu Trường Đại học Cần Thơ | ||